[Event "Aimchess US Rapid Prelims 2021"]
[Site "Chess24"]
[Date "2021.08.25"]
[Round "7.7"]
[White "Vidit, Santosh Gujrathi"]
[Black "Naroditsky, Daniel"]
[Result "1/2-1/2"]
[WhiteElo "2726"]
[BlackElo "2623"]
[Annotator "TA"]
[PlyCount "77"]
[EventDate "2021.08.28"]
[EventType "tourn"]
[EventCountry "NET"]
[Tiebreak "Direct encounter+Number of wins+Koya"]
[SourceTitle "playchess.com"]
[Source "ChessBase"]
[SourceQuality "1"]

{[%evp 22,77,38,39,40,25,27,0,0,0,0,7,42,43,56,22,29,25,31,0,0,0,0,0,0,0,0,-13,
-22,-33,-24,-26,-8,-1,0,0,0,-26,-30,-106,-106,-108,-54,-114,-120,-229,0,0,0,0,
0,0,0,0,0,0,0,0]} 1. d4 Nf6 2. c4 g6 3. g3 Bg7 4. Bg2 O-O 5. Nc3 d6 6. Nf3 Nbd7
7. O-O e5 8. e4 exd4 9. Nxd4 Nc5 10. h3 Re8 11. Re1 Bd7 $1 {[%mdl 4] is more
profitable than 11...a5 at the moment.} 12. Rb1 a5 {E68: King's Indian:
Fianchetto: 6...Nbd7 7 0-0 e5 8 e4.} 13. Kh2 h5 14. Ndb5 Bc6 {[%cal Rc5e4]} 15.
Qc2 h4 16. g4 {[#]} Bxb5 $146 (16... g5 $5) ({Predecessor:} 16... g5 17. Kg1
Nfd7 18. Be3 Ne6 19. Ne2 Bxb5 {1/2-1/2 (19) Lingnau,C (2423)-Kroeze,F (2370)
Germany 2019}) 17. cxb5 d5 18. Nxd5 Nxd5 19. Qxc5 {[#] And now Rd1 would win.}
Nb4 20. Bg5 Be5+ 21. Qxe5 $1 Rxe5 22. Bxd8 Rxd8 23. Bf1 Nxa2 24. Ra1 Nb4 25.
Rxa5 Rd2 26. Kg1 b6 27. Ra7 Rc5 28. e5 Nc2 29. Rc1 Rxe5 30. Rxc7 (30. b3 $11 {
remains equal.}) 30... Nd4 $1 $17 {[%csl LRb2,LRb5]} 31. Rb7 Re3 32. Rc8+ (32.
fxe3 $2 {is a self mate.} Nf3+ 33. Kh1 Rh2#) (32. Rxb6 $15 Nf3+ 33. Kg2) 32...
Kg7 33. Bc4 ({But not} 33. Rxb6 $2 {[#]} Rg3+ $3 {[%mdl 512]} 34. Bg2 Nf3+ 35.
Kf1 Rd1+ 36. Ke2 Re1+ 37. Kd3 Rxg2 $19) (33. Rc3 $17 {was the only defense.}
Re1 34. Rcc7 Ne2+ 35. Kh2 Rxf1 36. Rxf7+ Kh6 37. Rbe7) 33... Rg3+ $2 34. fxg3
$11 {The position is equal.} Nf3+ 35. Kf1 Nh2+ 36. Ke1 Nf3+ 37. Kf1 Nh2+ 38.
Ke1 Nf3+ 39. Kf1 {Weighted Error Value: White=0.20/Black=0.17} 1/2-1/2

[Event "Aimchess US Rapid Prelims 2021"]
[Site "Chess24"]
[Date "2021.08.25"]
[Round "7.8"]
[White "Le, Quang Liem"]
[Black "Firouzja, Alireza"]
[Result "0-1"]
[WhiteElo "2709"]
[BlackElo "2759"]
[Annotator "TA"]
[PlyCount "56"]
[EventDate "2021.08.28"]
[EventType "tourn"]
[EventCountry "NET"]
[Tiebreak "Direct encounter+Number of wins+Koya"]
[SourceTitle "playchess.com"]
[Source "ChessBase"]
[SourceQuality "1"]

{[%evp 17,56,26,18,25,16,7,29,20,7,13,24,17,29,0,-7,-58,-57,-59,-49,-72,-62,
-119,-112,-101,-77,-139,-133,-142,-95,-518,-516,-628,-614,-566,-623,-609,-629,
-641,-660,-1086,-1058]} 1. d4 Nf6 2. c4 e6 3. Nf3 d5 4. Nc3 Nbd7 5. g3 Be7 6.
Bg2 O-O 7. O-O dxc4 8. e4 Rb8 9. a4 a6 10. a5 {E07: Closed Catalan: Main Line 
(5 Nf3 0-0 6 0-0 Nbd7).} b5 11. axb6 $1 Nxb6 12. Qe2 {White has an edge.} Bb7
13. Rd1 {[#]} Ne8 $5 $146 {[%mdl 8] New and interesting.} ({Predecessor:} 13...
Bb4 14. Ne5 a5 15. Bf4 Nfd7 16. Ng4 Rc8 17. h4 Qe7 18. Ne3 Rfe8 19. e5 Bxg2 20.
Kxg2 {1-0 (36) Vachier Lagrave,M (2769)-Norowitz,Y (2617) Chess.com INT 2015})
14. Be3 Bb4 15. d5 exd5 16. Bxb6 (16. Nxd5 $11 Nxd5 17. exd5) 16... cxb6 $15
17. Nxd5 Bxd5 18. exd5 Nd6 19. Rxa6 (19. Nd4 $15 Qf6 20. Nc6) 19... Re8 $17 20.
Qc2 Bc5 21. Raa1 ({White should try} 21. Rf1) 21... Qf6 22. Re1 b5 23. b3 $2 {
[%mdl 8192] [#] This move loses the game for White.} (23. Rxe8+ $17 {was the
crucial defense.} Rxe8 24. Ra6) 23... Ne4 $1 $19 {[%mdl 576] Deflection. Black
is clearly winning.} 24. Rxe4 (24. Reb1 Bxf2+) 24... Qxa1+ 25. Bf1 Rxe4 26.
Qxe4 Qb2 27. Be2 cxb3 28. Ng5 Qc1+ {[%mdl 64] Double Attack.  Weighted Error
Value: White=0.90/Black=0.04} 0-1

[Event "Aimchess US Rapid Prelims 2021"]
[Site "Chess24"]
[Date "2021.08.25"]
[Round "8.1"]
[White "Duda, Jan-Krzysztof"]
[Black "Firouzja, Alireza"]
[Result "1/2-1/2"]
[WhiteElo "2738"]
[BlackElo "2759"]
[Annotator "TA"]
[PlyCount "116"]
[EventDate "2021.08.28"]
[EventType "tourn"]
[EventCountry "NET"]
[Tiebreak "Direct encounter+Number of wins+Koya"]
[SourceTitle "playchess.com"]
[Source "ChessBase"]
[SourceQuality "1"]

{[%evp 14,116,10,13,2,-17,0,-9,-20,-25,-19,-25,-37,-59,-60,-56,-48,-51,-41,-43,
-27,-68,-66,-69,-63,-63,-70,-64,-63,-61,-51,-78,-20,-18,-20,-15,-14,-33,-25,
-31,-29,-35,-35,-31,-19,-21,-16,-17,-9,-21,-3,-15,-12,-25,-14,-44,-40,-25,-25,
-25,-25,-25,-27,-19,-8,-8,-8,-8,-8,-8,-8,-8,0,0,0,0,0,0,0,0,0,0,0,0,0,0,0,0,0,
0,0,0,0,0,0,0,0,0,0,0,0,0,0,0,0]} 1. d4 Nf6 2. Bf4 g6 3. e3 Bg7 4. Nf3 O-O 5.
Be2 d6 6. h3 c5 7. O-O Nc6 8. c3 cxd4 {A48: 1 d4 Nf6 2 Nf3 g6: Torre, London
and Colle Systems.} 9. cxd4 Qb6 10. Na3 Be6 {[#]} 11. Qd2 $146 ({Predecessor:} 
11. Ng5 Bd5 12. b3 e5 13. Bh2 exd4 14. Bxd6 Rfd8 15. Nc4 Bxc4 16. Bxc4 Rxd6 17.
Nxf7 {0-1 (35) Zlotnik,A (2186)-Babarykin,S (2409) Moscow 2020}) 11... Rac8 12.
Rfc1 Qb4 13. Nc2 Qxd2 ({Avoid the trap} 13... Qxb2 $2 14. Rcb1 $18) 14. Nxd2
Nd5 15. Bg3 Ncb4 16. Nxb4 Nxb4 17. Rxc8 Rxc8 18. a3 Nd5 19. Bd1 f5 20. Bh2 Kf7
21. Kf1 Nb6 22. Ke2 Nc4 (22... g5 $17) 23. Nxc4 $11 Bxc4+ 24. Kd2 Bd5 25. f3 e5
26. dxe5 dxe5 27. Rc1 Rxc1 28. Kxc1 $15 {[%mdl 4096] Endgame KBB-KBB} Ke6 29.
Bg1 Bc4 30. g4 a6 31. Bf2 e4 32. gxf5+ Kxf5 33. Bc2 Bd5 34. Bh4 g5 35. fxe4+
Bxe4 36. Bxe4+ Kxe4 37. Bxg5 {KB-KB} Kd3 38. Kb1 $1 Bf8 {The position is equal.
} 39. Ka2 $1 h5 40. Kb3 Bc5 41. Ka4 $1 b6 42. e4 Bd4 43. b4 $1 {[%cal Bb2b4,
Bb4b5][%mdl 32]} Kxe4 44. b5 $1 {[%cal Rb5a6]} a5 45. Kb3 Be3 46. Bd8 Kd3 47.
a4 Bd4 48. Bg5 Bc5 49. Bd8 Bg1 50. Bh4 Bd4 51. Bd8 Bf2 52. h4 Be3 53. Be7 (53.
Bg5 {is interesting.} Bf2 54. Be7 Bd4 55. Bg5 Bf2) 53... Bd4 54. Bd8 $1 Be3 55.
Be7 Bg1 56. Bd8 Bf2 57. Be7 Bd4 58. Bd8 Be3 {Weighted Error Value: White=0.04/
Black=0.05} 1/2-1/2

[Event "Aimchess US Rapid Prelims 2021"]
[Site "Chess24"]
[Date "2021.08.25"]
[Round "8.2"]
[White "Naroditsky, Daniel"]
[Black "Le, Quang Liem"]
[Result "1-0"]
[WhiteElo "2623"]
[BlackElo "2709"]
[Annotator "TA"]
[PlyCount "143"]
[EventDate "2021.08.28"]
[EventType "tourn"]
[EventCountry "NET"]
[Tiebreak "Direct encounter+Number of wins+Koya"]
[SourceTitle "playchess.com"]
[Source "ChessBase"]
[SourceQuality "1"]

{[%evp 9,143,16,19,18,25,12,57,28,48,45,97,105,154,160,197,110,110,98,117,14,
12,19,9,9,292,268,256,256,306,292,267,271,436,206,224,110,244,241,316,98,97,96,
102,108,114,73,80,35,42,38,46,38,23,35,135,134,128,117,86,118,137,115,120,120,
265,122,128,125,127,58,55,55,62,62,169,167,195,189,293,292,298,304,281,295,295,
290,229,204,195,166,173,158,241,181,183,222,515,219,244,155,202,0,222,169,354,
367,262,118,658,632,293,8,8,8,29975,29970,29970,29969,29977,29978,29978,29979,
29980,0,29977,29978,29976,29978,29983,29984,29985,29982,29982,29983,29982,
29983]} 1. b3 d5 2. Bb2 Bf5 3. d3 Nf6 4. Nd2 e6 5. g3 h6 6. Bg2 {A01:
Nimzowitsch-Larsen Opening.} Bh7 7. e4 a5 8. a3 {[#] White is slightly better.}
a4 $146 ({Predecessor:} 8... c6 9. Nh3 Be7 10. O-O Na6 11. Nf4 O-O 12. Re1 b5
13. Qe2 Nc5 14. Rad1 Rc8 {1/2-1/2 (50) Nihal,S (2620)-Kamsky,G (2658) Biel 2021
}) 9. b4 c5 (9... dxe4 $14 10. Nxe4 Nxe4 11. Bxe4 c5) 10. exd5 $16 cxb4 11.
dxe6 bxa3 12. Bxa3 (12. exf7+ $1 $18 Kxf7 13. Bxf6 Qxf6 14. Bxb7 Qe7+ 15. Be4
Bxe4 16. Nxe4 (16. dxe4 Nc6 $16)) 12... Bxa3 13. Rxa3 Qe7 14. Nc4 ({White has
to play} 14. Qa1 $1 $16) 14... Ra6 $1 $11 15. Ne2 b5 $1 {[%cal Rb5c4] [#]} 16.
Qb1 $1 Qc5 {[%mdl 8192] [#]} (16... Rxe6 $11 17. Qxb5+ {[%mdl 64] Double Attack
} Nbd7) 17. d4 $1 $18 Qxc4 18. Rc3 Qxe6 19. Qxb5+ {[%mdl 64] Double Attack} Ke7
20. Re3 $1 Ne4 $2 (20... Be4) 21. Bxe4 (21. Nf4 $142 Qd6 22. Bxe4 Bxe4 23.
Rxe4+ Kd8 24. O-O) 21... Bxe4 {[#]} 22. d5 $1 {[%mdl 512]} Qb6 (22... Rb6 $16
23. Qa5 (23. dxe6 $2 {too greedy.} Rxb5 24. O-O Ba8 $19) (23. Qc5+ Qd6 $16)
23... Rd8) 23. Rxe4+ Kd6 24. Qxb6+ (24. Qc4 $1 $18) 24... Rxb6 $16 25. Nc3 a3 {
Strongly threatening ...Rb1+!} 26. Kd2 Ra6 27. Ra1 Nd7 28. Ra4 Rxa4 29. Nxa4
$14 {[%mdl 4096] Endgame KRN-KRN} Ne5 30. f4 Nc4+ 31. Kc3 Rc8 (31... Ne3 $1 $14
) 32. Kd4 $16 Nb2 33. Nb6 Rxc2 34. Rxa3 {aiming for Ra7.} Rd2+ {[#]} 35. Ke4 $1
Re2+ {[#]} 36. Kf3 $1 {[%cal Rf3e2]} Rc2 (36... Rd2 $16 {was necessary.}) 37.
Ra7 (37. Ra2 $18 {is the precise move to win.}) 37... Rc7 38. Ra6 Rb7 39. Ke4 (
{White should try} 39. Nc4+ $16 Kxd5 40. Ne3+ Kc5 41. Nf5) 39... Kc5 $14 40.
Nc8 {Black must now prevent Rc6+.} Rb4+ 41. Kf3 $1 Kxd5 ({Black should play} 
41... Nc4 $14) 42. Ne7+ $18 Kc4 43. Nf5 Rb3+ (43... g5 $142 44. Nxh6 (44. Rxh6
gxf4 45. Kxf4 Nd3+ 46. Kg5 Kc5 $18) 44... gxf4 45. gxf4 (45. Nxf7 Nd3 $16)
45... Nd3) 44. Kg4 h5+ 45. Kh4 Nd3 46. Nxg7 Rb2 47. h3 ({Not} 47. Nxh5 Rxh2+
48. Kg4 f5+ 49. Kg5 Nc5 $16) 47... Rh2 48. Nxh5 Nf2 49. g4 {Hoping for Kg3.}
Rxh3+ 50. Kg5 Rh1 (50... Kb5 $16 51. Ra7 Ne4+ 52. Kf5 Nd6+ 53. Kg5 Rb3) 51. Ra7
Ne4+ 52. Kf5 Re1 (52... Nd6+ {was worth a try.} 53. Ke5 Kc5 54. Rc7+ Kb6) 53.
Ra4+ (53. Rxf7 $142 {Threatens to win with Rc7+.} Nd6+ 54. Kg6) 53... Kd3 54.
Ra3+ Kd4 55. Ra4+ Kd3 56. Ra6 Kd4 $2 (56... Nc5) 57. g5 Kc5 58. Ng7 (58. Ra7
$18 {is more deadly.}) 58... Nd6+ $2 {[%mdl 8192]} (58... Kb5 $16 59. Ra3 Nd6+
60. Kg4 Kb4) 59. Kf6 Rf1 60. Rxd6 $2 Kxd6 {KR-KN} 61. f5 Ra1 $2 {[%mdl 8192]} (
61... Rg1 $11) 62. Kxf7 Ke5 63. f6 Ra6 64. Kg6 Kf4 65. Kh6 Ke5 66. Kg6 Kf4 $1
67. Nh5+ {White mates.} Kg4 68. Kh6 Ra5 69. f7 Rxg5 70. Nf6+ Kf5 71. Nh7 Rg6+
72. Kh5 {Weighted Error Value: White=0.51/Black=0.47} 1-0

[Event "Aimchess US Rapid Prelims 2021"]
[Site "Chess24"]
[Date "2021.08.25"]
[Round "8.3"]
[White "Hansen, Eric"]
[Black "Vidit, Santosh Gujrathi"]
[Result "1/2-1/2"]
[WhiteElo "2606"]
[BlackElo "2726"]
[Annotator "TA"]
[PlyCount "195"]
[EventDate "2021.08.28"]
[EventType "tourn"]
[EventCountry "NET"]
[Tiebreak "Direct encounter+Number of wins+Koya"]
[SourceTitle "playchess.com"]
[Source "ChessBase"]
[SourceQuality "1"]

{[%evp 23,195,22,34,4,13,0,-3,-14,-14,-15,-7,-26,-10,-20,-19,-19,-8,-5,-9,-8,
-12,-11,-12,-12,-4,-22,-22,-48,-20,-28,0,0,0,0,6,15,20,0,0,-34,-37,-54,-54,
-103,-114,-113,-23,-20,-28,-87,-87,-73,-83,-71,-77,-115,-127,-161,-40,-41,-42,
-114,-54,-54,-54,-54,-8,-8,-8,-8,-8,-8,-8,-8,-8,-8,-8,-8,-8,-8,-8,-8,-8,-8,-8,
-20,-8,-8,-8,-8,-8,-8,-8,-24,-8,-8,-8,-8,-8,-8,-8,-8,-8,-8,-8,-8,-8,-8,-8,-8,
-8,-8,-8,-8,-8,-8,-8,-8,-8,-8,-8,-8,-8,-8,-8,-8,-8,-8,-8,-8,-8,-8,-8,-8,-8,-8,
-8,-8,-8,-8,-8,-8,-8,-8,-8,-8,0,-8,0,0,0,0,0,0,0,0,0,0,0,0,0,0,0,-8,0,0,0,-8,0,
0,0,0,0,0]} 1. e4 c5 2. Nf3 e6 3. d4 cxd4 4. Nxd4 Nf6 5. Nc3 Nc6 6. Ndb5 d6 7.
Bf4 e5 8. Bg5 a6 9. Na3 b5 10. Nd5 Be7 11. Bxf6 Bxf6 12. c3 Bg5 $1 {[%mdl 4]
is currently scoring better than 12...0-0.} 13. g3 {B33: Sicilian: Pelikan and
Sveshnikov Variations.} Ne7 14. h4 Bh6 15. Nxe7 Qxe7 16. Bg2 O-O 17. Nc2 a5 18.
O-O Be6 19. Re1 {[#]} Rac8 $146 ({Predecessor:} 19... Rfb8 20. Ne3 Bxe3 21.
Rxe3 b4 22. Qd2 Ra6 23. Bf1 Rc6 24. cxb4 axb4 25. a4 Qc7 26. Bb5 Rc5 27. Qxb4 {
1/2-1/2 (90) Gholami,A (2434)-Lei,T (2514) Riga 2017}) 20. Ne3 g6 21. Qd3 b4
22. cxb4 axb4 23. a4 bxa3 24. bxa3 Rc5 25. Red1 Ra8 26. a4 Rca5 27. Nf5 gxf5
28. exf5 d5 $1 29. fxe6 fxe6 30. Qc2 e4 $36 {[%mdl 2048] White is under
pressure.} 31. Rab1 Rxa4 32. Rb6 Ra2 33. Qc6 Rf8 $1 {[%cal Rf8f2]} 34. Rf1 {[#]
} Bg7 (34... Raxf2 $1 $17 {[%mdl 512]} 35. Rxf2 Be3 {[%mdl 64] Double Attack,
Pin}) 35. Bh3 $11 Kh8 {Threatens to win with ...Raxf2.} 36. Rb7 (36. Ra6 $1 $11
{remains equal.} Rxa6 37. Qxa6) 36... Qf6 $17 37. Qxe6 Rxf2 38. Qxf6 R2xf6 39.
Rxf6 Bxf6 {[%mdl 4096] Endgame KRB-KRB} ({Of course not} 39... Rxf6 $6 40. Rd7
$11) 40. Rd7 Be5 (40... Bd4+ $19 41. Kh1 e3) 41. Rxd5 $15 Bxg3 42. Rf5 {[#]} ({
White should try} 42. h5 $15) 42... Re8 (42... Rxf5 $1 $17 43. Bxf5 e3) 43. Kf1
Bxh4 44. Rh5 $1 Bf6 (44... Bd8 {keeps more tension.} 45. Bf5 Re7 46. Rh6 Rf7
47. Rh5 e3) 45. Bf5 Re7 46. Ke2 Kg8 47. Ke3 h6 48. Bxe4 Bg5+ 49. Kd3 Kg7 50.
Rh1 Rd7+ 51. Kc4 Kf6 52. Rf1+ Ke5 53. Bg6 Rd4+ 54. Kc5 {And now Rf5+ would win.
} Rd8 (54... Be7+ {seems wilder.} 55. Kb5 Rg4 56. Bf7 Rb4+ 57. Kc6 Bh4) 55.
Rf5+ Ke6 56. Rf3 Be7+ 57. Kc4 Bf6 58. Kc5 Rc8+ 59. Kb5 {The position is equal.}
Rc1 60. Re3+ Be5 61. Rh3 Bf4 62. Kb4 Kf6 63. Bh5 Kg5 64. Kb3 Rc5 65. Bf3 {
aiming for Rh5+.} Kf6 (65... Kg6 {looks sharper.} 66. Rh4 Bg5 67. Rh3 Be7 68.
Rh1 Ra5) 66. Kb4 (66. Rh5 $5 {[%cal Rh5c5]} Bg5 67. Rh2 $11) 66... Rc7 67. Kb3
Bg5 68. Be2 Ke5 69. Rc3 Rd7 70. Rd3 Rf7 71. Rf3 Rg7 72. Rh3 Kd4 73. Rd3+ Ke4
74. Rh3 Rd7 75. Kc4 Rd2 76. Bh5 Rc2+ (76... Kf4 {seems wilder.} 77. Rf3+ Ke5
78. Rh3 Rd4+ 79. Kc3 Rh4) 77. Kb3 {Strongly threatening Bg6+.} Rc1 (77... Rf2 {
is interesting.} 78. Bg6+ Kd5 79. Kc3 Rg2 80. Be8 Ke5) 78. Kb2 Rc7 79. Kb3 Kf5
80. Rc3 Rb7+ 81. Kc2 Bf6 82. Rh3 Rb2+ 83. Kc1 Rg2 84. Kd1 Kg5 85. Ke1 Bd4 86.
Bf3 Rb2 87. Be2 Rb6 (87... h5 {feels hotter.} 88. Rxh5+ Kg6 89. Rh3 Rb1+ 90.
Kd2 Rb2+) 88. Rh5+ Kg6 89. Rh3 Rb1+ 90. Kd2 {Black must now prevent Bd3+.} Rb2+
(90... Ra1 {with more complications.} 91. Rg3+ Kf5 92. Rh3 Kf4 93. Kc2 Ke4) 91.
Ke1 Be5 92. Kd1 $1 Rb4 93. Ke1 Bf6 94. Bd3+ $1 Kg7 95. Rh5 Rb2 96. Kd1 Bg5 {
...Rd2+ is the strong threat.} 97. Bc2 Kf6 98. Rh3 {Weighted Error Value:
White=0.10/Black=0.13} 1/2-1/2

[Event "Aimchess US Rapid Prelims 2021"]
[Site "Chess24"]
[Date "2021.08.25"]
[Round "8.4"]
[White "Vachier-Lagrave, Maxime"]
[Black "So, Wesley"]
[Result "1/2-1/2"]
[WhiteElo "2751"]
[BlackElo "2772"]
[Annotator "TA"]
[PlyCount "97"]
[EventDate "2021.08.28"]
[EventType "tourn"]
[EventCountry "NET"]
[Tiebreak "Direct encounter+Number of wins+Koya"]
[SourceTitle "playchess.com"]
[Source "ChessBase"]
[SourceQuality "1"]

{[%evp 12,97,20,14,32,14,18,12,15,15,18,8,17,19,21,14,18,12,26,20,14,6,8,0,0,
-16,126,137,126,0,0,0,22,18,16,9,59,59,51,56,52,52,47,0,0,0,5,0,116,125,98,
-125,-108,-105,-116,-143,-151,-123,-110,-105,0,0,0,0,0,0,0,0,0,0,161,0,0,0,0,0,
0,0,0,0,0,0,0,0,0,0,0,0]} 1. e4 e5 2. Nf3 Nc6 3. Bc4 Nf6 4. d3 Bc5 5. c3 O-O 6.
O-O d6 7. Re1 h6 {C54: Giuoco Piano: 4 c3 Nf6, main lines with 5 d4 and 5 d3.}
8. Nbd2 a6 9. a4 Ba7 10. h3 Re8 11. b4 $1 {11.b4 scores better than 11.Nf1.}
Be6 12. Bxe6 Rxe6 13. Qc2 Qd7 14. Rb1 b5 15. Ra1 Ree8 16. Nf1 {[%cal Bd2f1,
Bf1g3,Bg3f5][%mdl 32]} d5 17. Ng3 Rad8 {[#]} 18. Nf5 $146 ({Predecessor:} 18.
Bd2 dxe4 19. dxe4 Qe6 20. Rec1 Qc4 21. Be1 Bb6 22. Nd2 Qd3 23. Qxd3 Rxd3 24.
Nf3 bxa4 25. Rxa4 {1/2-1/2 (40) Giri,A (2772)-Sethuraman,S (2618) Tbilisi 2017}
) 18... Qe6 (18... dxe4 $11 19. dxe4 Qd3 20. Qxd3 Rxd3) 19. axb5 $16 axb5 20.
Be3 (20. Bxh6 $1 $16 gxh6 21. Nxh6+ Kf8 22. Ng5 {[%mdl 64] Double Attack})
20... Bxe3 $11 21. Nxe3 dxe4 22. dxe4 Ne7 23. Ra5 c6 24. c4 Rb8 25. c5 Rbd8 26.
Kh2 Nh7 27. Nf5 Nxf5 28. exf5 Qd5 29. Raa1 $1 {Threatens to win with Red1.} Ng5
{[#]} (29... e4 $1 $11 {keeps the balance.} 30. Rad1 Qxf5 31. Rxd8 Rxd8 32.
Qxe4 Qxe4 33. Rxe4 Ng5 34. Nxg5 hxg5) 30. Nxe5 $1 $16 {[%mdl 512] Strongly
threatening Rad1.} Qd4 {[#]} 31. Ng4 (31. Nxc6 Qf4+ 32. g3 (32. Kg1 $2 Rxe1+
33. Rxe1 Rd2 $19 {[%mdl 64] Double Attack}) 32... Nf3+ 33. Kg2 Nxe1+ $15) (31.
Qd3 $1 $16 {[%cal Rd3d4] Hoping for Qxd4.} Qxd3 32. Nxd3) 31... Qxb4 32. Rxe8+
Rxe8 33. f6 {next Qf5 is good for White.} Qf4+ 34. g3 Qd4 35. Rd1 Nf3+ ({
Better is} 35... Qe4 $1 $17 {[%cal Re4c2]} 36. Qxe4 Nxe4) 36. Kh1 $11 Re1+ 37.
Rxe1 Nxe1 38. Qf5 Qd3 39. Qc8+ {[%mdl 64] Double Attack} Kh7 {( -> ...Qf3+)}
40. Qxc6 {And now fxg7 would win.} Qf1+ $1 41. Kh2 h5 {The position is equal.}
42. Qe4+ g6 43. Ne5 Qxf2+ {[%mdl 64] Double Attack} 44. Kh1 b4 ({Don't play} 
44... Qxg3 $6 45. Qd5 $18) 45. Nxf7 Qf1+ 46. Kh2 Qf2+ ({Wrong is} 46... Nf3+ $2
47. Qxf3 $3 {[%mdl 512]} Qxf3 48. Ng5+ Kg8 49. Nxf3 $18) 47. Kh1 Qf1+ 48. Kh2
Qf2+ ({Avoid the trap} 48... Nf3+ $2 {[#]} 49. Qxf3 $3 {[%mdl 512]} Qxf3 50.
Ng5+ {[%mdl 64] Double Attack} Kh6 51. Nxf3 $18) 49. Kh1 {Weighted Error Value:
White=0.15/Black=0.17} 1/2-1/2

[Event "Aimchess US Rapid Prelims 2021"]
[Site "Chess24"]
[Date "2021.08.25"]
[Round "8.5"]
[White "Dominguez Perez, Leinier"]
[Black "Carlsen, Magnus"]
[Result "1/2-1/2"]
[WhiteElo "2758"]
[BlackElo "2847"]
[Annotator "TA"]
[PlyCount "107"]
[EventDate "2021.08.28"]
[EventType "tourn"]
[EventCountry "NET"]
[Tiebreak "Direct encounter+Number of wins+Koya"]
[SourceTitle "playchess.com"]
[Source "ChessBase"]
[SourceQuality "1"]

{[%evp 19,107,29,42,41,41,41,39,31,29,31,42,37,57,29,35,32,22,30,150,138,146,
137,246,147,232,45,49,40,56,52,37,45,38,0,0,0,0,0,0,0,0,0,0,0,0,0,0,0,0,0,0,0,
0,0,0,0,0,0,0,0,0,0,0,0,0,0,0,0,0,0,0,0,0,0,0,0,0,0,0,0,0,0,0,0,0,0,0,0,0,0]} 
1. e4 d5 2. exd5 Qxd5 3. Nc3 Qa5 4. d4 Nf6 5. Nf3 Bf5 6. Bd2 c6 7. Bc4 Nbd7 8.
Qe2 Qc7 9. O-O-O e6 10. Nh4 Bg6 11. Nxg6 {B01: Scandinavian Defence.} hxg6 12.
d5 cxd5 13. Nxd5 {White is slightly better.} Nxd5 14. Bxd5 O-O-O 15. Bf3 Bd6
16. g3 $36 {[%mdl 2048] [#] White has some pressure.} (16. Bc3 {keeps more
tension.} e5 17. Bd5 Nc5 18. Kb1 f5 19. h4) 16... Ne5 $146 ({Predecessor:} 
16... Kb8 17. Bc3 Nf6 18. Rxd6 Rxd6 19. Be5 Rhd8 20. Qb5 Ka8 21. c4 Qc8 22.
Bxd6 Rxd6 {1/2-1/2 (78) Kvassay,P (2045)-Szaraz,V (2037) Slovakia 2006}) 17.
Bc3 Nxf3 18. Qxf3 f5 (18... e5 $11) 19. Qe3 $16 e5 20. Qxa7 Qc6 (20... Qc5 $16
{was necessary.} 21. Qxc5+ Bxc5) 21. Qa8+ $1 $18 Kd7 {[#]} 22. Qa5 ({White
should try} 22. Rxd6+ $1 $18 {[%mdl 512]} Qxd6 23. Qxb7+ Ke8 24. Qxg7 Rxh2 25.
Re1) 22... Ke6 $1 $14 {Black wants to play ...Ra8.} 23. Rhe1 Bc7 {[%cal Rc7a5]}
24. Qb4 ({Reject} 24. Rxe5+ Kf7 $11) 24... Rxd1+ 25. Rxd1 Rxh2 26. Qf8 {
Strongly threatening Bb4.} (26. f3 $5 {[%cal Rb4f8]} Rh8 27. Re1 $11 (27. f4
Rh1 $11)) 26... Rh1 $1 {The position is equal.} 27. Be1 Qe4 28. Qxg7 Rxe1 29.
Qxg6+ Ke7 30. Qg7+ Ke6 31. Qd7+ (31. Qxc7 {with more complications.} Rxd1+ 32.
Kxd1 Qd4+ 33. Ke1 Qe4+ 34. Kf1) 31... Kf6 {And now ...Qe2 would win.} 32. Qxc7
{Hoping for Qd6+.} Rxd1+ 33. Kxd1 $11 {[%mdl 4096] Endgame KQ-KQ} Qd5+ 34. Kc1
Qh1+ 35. Kd2 Qd5+ 36. Kc3 {Black must now prevent Qb6+.} Qf3+ 37. Kb4 {
Threatens to win with Qd8+.} Qxf2 38. Qd6+ Kg5 $1 39. Qxe5 {aiming for c4.}
Qxc2 40. Qf4+ Kg6 41. Qd4 (41. b3 {is interesting.} Qxa2 42. g4 fxg4 43. Qxg4+
Kf6 44. Qc4) 41... Kg5 42. a4 (42. Qg7+ {is more complex.} Kh5 43. a3 Qc1 44.
a4 Qe1+ 45. Kc5) 42... Qe4 43. Qxe4 fxe4 {K3P-KPP} 44. Kc3 $1 {[%cal Rc3d4]}
Kg4 45. Kd2 {[%cal Rd2e3]} Kf3 {...Kf2 is the strong threat.} 46. Ke1 Kxg3 {
KPP-KPP} 47. b4 {[%cal Bb2b4,Bb4b5][%mdl 32]} Kf4 48. a5 Ke5 $1 49. b5 {
a6 would kill now.} Kd5 50. a6 bxa6 51. bxa6 {White threatens a7 and mate.} Kc6
52. Ke2 Kb6 53. Ke3 Kxa6 54. Kxe4 {Weighted Error Value: White=0.08/Black=0.10}
1/2-1/2